|
|
|
|
| LEADER |
00000nab a2200000 a 4500 |
| 001 |
vtls010068125 |
| 003 |
SK-MaSNL |
| 005 |
20260304215959.0 |
| 008 |
140414c1973 xo m p 0 slo |
| 015 |
|
|
|a SNBRB2010/02
|2 snkbucl
|
| 040 |
|
|
|a SNKBUCL
|b slo
|c SNKBUCL
|e AACR2
|
| 041 |
0 |
|
|a slo
|
| 044 |
|
|
|a xo
|c SK
|
| 080 |
|
|
|a 027.2
|x (437.6-25)
|2 2001
|
| 080 |
|
|
|a 025.34
|2 2001
|
| 100 |
1 |
|
|a Kerlik, Peter,
|d 1946-2016
|4 aut
|9 56084
|
| 245 |
1 |
0 |
|a Neúplný katalóg
|c Peter Kerlik
|
| 610 |
2 |
7 |
|a Knižnica Slovanského ústavu (Bratislava, Slovensko)
|2 snkbucl
|9 256978
|
| 650 |
0 |
7 |
|a knižničné katalógy
|2 snkbucl
|9 3489
|
| 773 |
0 |
|
|t Čitateľ
|g Roč. 22, č. 10 (1973), s. 380-381
|
| 850 |
|
|
|a Slovenská národná knižnica v Martine
|a MTA001
|
| 852 |
|
|
|a SNK
|b KIS3GCP
|
| 958 |
|
|
|a KL
|
| 958 |
|
|
|a SK
|
| 999 |
|
|
|c 3149239
|d 3151169
|